Normal view
MARC view
Entry Personal Name
001 - CONTROL NUMBER
- control field: 53325
003 - CONTROL NUMBER IDENTIFIER
- control field: dpl
005 - DATE AND TIME OF LATEST TRANSACTION
- control field: 20121023161718.0
008 - FIXED-LENGTH DATA ELEMENTS
- fixed length control field: 121023|||a|||||| | ||| d
040 ## - CATALOGING SOURCE
- Original cataloging agency: dpl
- Transcribing agency: dpl
100 ## - HEADING--PERSONAL NAME
- Personal name: Simonson, Charles
670 ## - SOURCE DATA FOUND
- Source citation: Work cat.: (dpl): Bravaco, Ralph 53321, Java programming : , 2012
670 ## - SOURCE DATA FOUND
- Source citation: Work cat.: (dpl): Bravaco, Ralph 53321, Java programming : , 2012
